[Event "UKR-ch Superfinal"]
[Site "Kiev"]
[Date "2008.01.24"]
[Round "6"]
[White "Zhizmer, Yuri"]
[Black "Ponomariov, Ruslan"]
[Result "1/2-1/2"]
[WhiteElo "2319"]
[BlackElo "2719"]
[PlyCount "97"]
[EventDate "2008.01.24"]
[EventType "tourn (blitz)"]
[EventRounds "11"]
[EventCountry "UKR"]
[SourceTitle "CBM 122 Extra"]
[Source "ChessBase"]
[SourceDate "2008.03.04"]
[SourceVersion "1"]
[SourceVersionDate "2008.03.04"]
[SourceQuality "1"]

1. d4 Nf6 2. Nf3 e6 3. Bg5 c5 4. c3 cxd4 5. cxd4 Qb6 6. Qb3 Ne4 7. Bd2 Nc6 8.
e3 d5 9. Nc3 Qxb3 10. axb3 Nxd2 11. Kxd2 Bd7 12. Bb5 f6 13. Rhc1 a6 14. Kd1 Bd6
15. Bxc6 Bxc6 16. Na4 Kf7 17. Nc5 Rhc8 18. h3 a5 19. Na4 Rc7 20. Ne1 Bb5 21.
Rxc7+ Bxc7 22. Kd2 b6 23. Rc1 Bd8 24. Nd3 Ke7 25. Nc3 Bd7 26. Ra1 Bc7 27. b4
Bc6 28. bxa5 bxa5 29. Kc2 Rb8 30. Nc5 Bd8 31. b3 Kd6 32. f3 e5 33. N3a4 exd4
34. exd4 Be8 35. Re1 Bf7 36. Kc3 Bc7 37. Na6 Rc8 38. Nxc7 Rxc7+ 39. Nc5 Ra7 40.
Ra1 Kc6 41. Ra4 Kb6 42. b4 axb4+ 43. Kxb4 Rxa4+ 44. Nxa4+ Kc6 45. Nc3 Bg6 46.
g3 Bd3 47. f4 g5 48. fxg5 fxg5 49. Nd1 1/2-1/2

[Event "UKR-ch Superfinal"]
[Site "Kiev"]
[Date "2008.01.24"]
[Round "7"]
[White "Ponomariov, Ruslan"]
[Black "Kovchan, Alexander"]
[Result "1-0"]
[WhiteElo "2719"]
[BlackElo "2515"]
[PlyCount "120"]
[EventDate "2008.01.24"]
[EventType "tourn (blitz)"]
[EventRounds "11"]
[EventCountry "UKR"]
[SourceTitle "CBM 122 Extra"]
[Source "ChessBase"]
[SourceDate "2008.03.04"]
[SourceVersion "1"]
[SourceVersionDate "2008.03.04"]
[SourceQuality "1"]

1. d4 Nf6 2. c4 g6 3. Nf3 Bg7 4. g3 c6 5. Bg2 d5 6. Qa4 O-O 7. O-O Bf5 8. Nc3
Nbd7 9. cxd5 cxd5 10. Qb3 Nb6 11. Ne5 Ne4 12. Bf4 Nxc3 13. bxc3 Be4 14. f3 Bf5
15. a4 f6 16. Nd3 e5 17. dxe5 Bxd3 18. exd3 fxe5 19. Be3 Kh8 20. a5 d4 21. cxd4
Nd5 22. Bf2 exd4 23. f4 Ne3 24. Qxb7 Rb8 25. Qxa7 Nxf1 26. Rxf1 Rb3 27. a6 Ra3
28. Bb7 Qa5 29. Bxd4 Qc7 30. Bxg7+ Qxg7 31. Qe3 Rd8 32. Qb6 Qd4+ 33. Qxd4+ Rxd4
34. Rf3 Ra2 35. h4 Rb4 36. Rf2 Ra3 37. Kg2 Rd4 38. Rd2 Kg7 39. Kf2 Kf6 40. Ke3
Rda4 41. Rc2 h6 42. g4 g5 43. Rc6+ Kg7 44. hxg5 hxg5 45. fxg5 Rxg4 46. Rc5 Rga4
47. Rd5 Kg6 48. Re5 Kf7 49. Bd5+ Kg6 50. Be4+ Kg7 51. Bb7 Kf7 52. Re4 Ra5 53.
Rg4 Kg7 54. Ke4 Kg6 55. d4 Ra1 56. Rg2 Re1+ 57. Kd3 Rd1+ 58. Kc3 Rb1 59. Be4+
Kg7 60. Bxb1 Rxa6 1-0

[Event "UKR-ch Superfinal"]
[Site "Kiev"]
[Date "2008.01.24"]
[Round "8"]
[White "Baryshpolets, Andrey"]
[Black "Ponomariov, Ruslan"]
[Result "0-1"]
[WhiteElo "2389"]
[BlackElo "2719"]
[PlyCount "124"]
[EventDate "2008.01.24"]
[EventType "tourn (blitz)"]
[EventRounds "11"]
[EventCountry "UKR"]
[SourceTitle "CBM 122 Extra"]
[Source "ChessBase"]
[SourceDate "2008.03.04"]
[SourceVersion "1"]
[SourceVersionDate "2008.03.04"]
[SourceQuality "1"]

1. d4 d5 2. c4 c6 3. Nf3 Nf6 4. Qc2 g6 5. Bf4 Bg7 6. e3 O-O 7. Nc3 a6 8. Be2 b5
9. cxd5 cxd5 10. O-O Bf5 11. Qb3 Nc6 12. Ne5 Nxe5 13. Bxe5 Be6 14. a4 Ne4 15.
Bxg7 Kxg7 16. Nxe4 dxe4 17. Qc3 Rc8 18. Qb4 Bc4 19. Bxc4 Rxc4 20. Qb3 Qd7 21.
axb5 axb5 22. h3 e6 23. Ra5 Rb8 24. Rfa1 Rb7 25. Ra8 Rbc7 26. g3 Qd5 27. Qd1
Rc2 28. R8a2 Qf5 29. Qf1 h5 30. b3 Qd5 31. Rxc2 Rxc2 32. Rb1 Qc6 33. h4 b4 34.
Qe1 Qb5 35. Qd1 Rc3 36. Qd2 Qa5 37. Qd1 Qa2 38. Ra1 Qxb3 39. Qxb3 Rxb3 40. Ra7
Rc3 41. Rb7 b3 42. Kf1 Kf8 43. Ke2 Rc2+ 44. Kd1 Rxf2 45. Rxb3 Rf3 46. Ke2 Rxg3
47. Rb5 Rg4 48. Kf2 Rxh4 49. Kg3 Rg4+ 50. Kh3 Kg7 51. Rb7 Kf6 52. Rb5 Rg5 53.
Rb7 Rf5 54. Kg2 Rf3 55. Rb3 h4 56. Ra3 Kg5 57. Rb3 Kg4 58. Rb7 g5 59. Rc7 h3+
60. Kh2 f5 61. Re7 Rf2+ 62. Kg1 h2+ 0-1

[Event "UKR-ch Superfinal"]
[Site "Kiev"]
[Date "2008.01.24"]
[Round "9"]
[White "Ponomariov, Ruslan"]
[Black "Pavlov, Sergey1"]
[Result "1-0"]
[WhiteElo "2719"]
[BlackElo "2418"]
[PlyCount "83"]
[EventDate "2008.01.24"]
[EventType "tourn (blitz)"]
[EventRounds "11"]
[EventCountry "UKR"]
[SourceTitle "CBM 122 Extra"]
[Source "ChessBase"]
[SourceDate "2008.03.04"]
[SourceVersion "1"]
[SourceVersionDate "2008.03.04"]
[SourceQuality "1"]

1. d4 Nf6 2. c4 e6 3. Nf3 b6 4. g3 Bb7 5. Bg2 Be7 6. Nc3 Ne4 7. Bd2 f5 8. d5
Bf6 9. Qc2 Nxd2 10. Nxd2 O-O 11. O-O Na6 12. a3 Bxc3 13. Qxc3 Qf6 14. Rac1 Qxc3
15. Rxc3 e5 16. b4 d6 17. e4 Bc8 18. Rfc1 Bd7 19. Bf1 Nb8 20. c5 bxc5 21. bxc5
fxe4 22. cxd6 cxd6 23. Nxe4 Bg4 24. Nxd6 Nd7 25. Ne4 Bf5 26. Nd6 Bg6 27. Bg2
Rab8 28. Rc7 Nf6 29. Nc4 Ng4 30. d6 e4 31. d7 Nxf2 32. Ne5 Nd3 33. Nxd3 exd3
34. Bd5+ Kh8 35. Rc8 d2 36. Rxf8+ Rxf8 37. Rd1 Rd8 38. Be6 Be4 39. Rxd2 g6 40.
Rd4 Bc6 41. Rc4 Bxd7 42. Rd4 1-0

[Event "UKR-ch Superfinal"]
[Site "Kiev"]
[Date "2008.01.24"]
[Round "10"]
[White "Nyzhnyk, Illya"]
[Black "Ponomariov, Ruslan"]
[Result "0-1"]
[WhiteElo "2405"]
[BlackElo "2719"]
[PlyCount "102"]
[EventDate "2008.01.24"]
[EventType "tourn (blitz)"]
[EventRounds "11"]
[EventCountry "UKR"]
[SourceTitle "CBM 122 Extra"]
[Source "ChessBase"]
[SourceDate "2008.03.04"]
[SourceVersion "1"]
[SourceVersionDate "2008.03.04"]
[SourceQuality "1"]

1. d4 Nf6 2. c4 e6 3. Nf3 d5 4. cxd5 exd5 5. Nc3 c6 6. Bg5 Be7 7. e3 Bf5 8. Bd3
Bxd3 9. Qxd3 Nbd7 10. O-O O-O 11. a3 Re8 12. b4 a6 13. Rab1 b5 14. a4 Nb6 15.
Ne5 Qc7 16. a5 Nc4 17. f4 Nd7 18. Bxe7 Rxe7 19. Rbe1 f6 20. Nxd7 Qxd7 21. e4
dxe4 22. Nxe4 Rae8 23. Nc5 Qd5 24. Rxe7 Rxe7 25. Nxa6 Re3 26. Qc2 Qxd4 27. Kh1
Qxf4 28. Qd1 Qe5 29. Nc5 h6 30. a6 Ra3 31. Re1 Qd6 32. Qxd6 Nxd6 33. h3 f5 34.
Re6 Ne4 35. Nxe4 fxe4 36. Rxc6 Kf7 37. Kg1 Ra4 38. Rb6 Rxb4 39. a7 Ra4 40. Rxb5
Rxa7 41. Kf2 Ra2+ 42. Kg3 Rd2 43. Re5 Re2 44. h4 Kf6 45. Re8 h5 46. Kf4 Rxg2
47. Rxe4 Rg4+ 48. Kf3 Kf5 49. Re8 Rxh4 50. Rf8+ Kg5 51. Kg3 Ra4 0-1

[Event "UKR-ch Superfinal"]
[Site "Kiev"]
[Date "2008.01.24"]
[Round "11"]
[White "Ponomariov, Ruslan"]
[Black "Golichenko, Ilja"]
[Result "0-1"]
[WhiteElo "2719"]
[BlackElo "2351"]
[PlyCount "92"]
[EventDate "2008.01.24"]
[EventType "tourn (blitz)"]
[EventRounds "11"]
[EventCountry "UKR"]
[SourceTitle "CBM 122 Extra"]
[Source "ChessBase"]
[SourceDate "2008.03.04"]
[SourceVersion "1"]
[SourceVersionDate "2008.03.04"]
[SourceQuality "1"]

1. d4 Nf6 2. c4 e6 3. Nf3 b6 4. g3 Bb7 5. Bg2 Be7 6. Nc3 Ne4 7. Bd2 Bf6 8. Rc1
O-O 9. O-O d6 10. d5 Nxc3 11. Bxc3 Bxc3 12. Rxc3 e5 13. b4 a5 14. a3 f5 15. e4
fxe4 16. Nd2 Bc8 17. Nxe4 Bf5 18. c5 axb4 19. axb4 bxc5 20. bxc5 Bxe4 21. Bxe4
Nd7 22. c6 Nc5 23. Bg2 Ra4 24. Qc2 Qa8 25. Rxc5 dxc5 26. d6 cxd6 27. Bd5+ Kh8
28. c7 Qa6 29. Be6 Ra1 30. Rxa1 Qxa1+ 31. Kg2 Qa7 32. c8=Q Rxc8 33. Bxc8 Qa8+
34. f3 Qxc8 35. Qc4 h6 36. h4 Qg8 37. Qa6 Qe6 38. h5 c4 39. Qa8+ Qg8 40. Qc6 d5
41. Qd6 c3 42. Qxe5 Qc8 43. Qe3 c2 44. Qc1 d4 45. Kf2 Qc3 46. g4 Qe3+ 0-1

[Event "Moscow Tal Memorial 3rd"]
[Site "Moscow"]
[Date "2008.08.22"]
[Round "5"]
[White "Ponomariov, Ruslan"]
[Black "Leko, Peter"]
[Result "1-0"]
[WhiteElo "2718"]
[BlackElo "2741"]
[Annotator "Marin,M"]
[PlyCount "81"]
[EventDate "2008.08.18"]
[EventType "tourn"]
[EventRounds "9"]
[EventCountry "RUS"]
[EventCategory "20"]
[SourceTitle "CBM 126"]
[Source "ChessBase"]
[SourceDate "2008.10.01"]
[SourceVersion "1"]
[SourceVersionDate "2008.10.01"]
[SourceQuality "1"]

1. e4 e5 2. Nf3 Nc6 3. Bb5 a6 4. Ba4 Nf6 5. O-O Be7 6. Re1 b5 7. Bb3 O-O 8. c3
d5 9. exd5 Nxd5 10. Nxe5 Nxe5 11. Rxe5 c6 12. d4 {There was a long time when
White could not find anything against the Marshall Attack. The situation is
about to change and lately Black has lost quite a few games at teh top level.}
Bd6 13. Re1 Qh4 14. g3 Qh3 15. Be3 Bg4 16. Qd3 Rae8 17. Nd2 {Almost in any
opening, what we use to call "the old main line" is the one which, objectively,
offers the best chances for White, although fashion rarely has anything to do
with it.} Qh5 {A rare move, which Leko had tried in practice before.} ({
"The old main line" goes} 17... Re6 {Lately, there have been some interesting
developments after} 18. Qf1 $5 Qh5 19. f3 Nxe3 20. Qf2 Nd5 21. fxg4 Qxg4 22.
Qf3 $5 Qxf3 (22... Qg5 {Kramnik,V (2772)-Aronian,L (2759)/Yerevan 2007/CBM 118/
[Marin,M] (1-0, 45)}) 23. Nxf3 h6 $5 (23... Rfe8 {was my recommendation in the
notes to the aforementioned game}) 24. Rxe6 fxe6 25. Nd2 a5 26. a4 ({It may
have been better to maintain the tension with} 26. a3 $5 $14 b4 $140 $2 27.
axb4 axb4 28. c4 Nc7 29. Ra7 $16) 26... b4 27. c4 Nc7 28. Bc2 (28. c5 $5) 28...
c5 29. Ne4 Rd8 30. Nxc5 Bxc5 31. dxc5 Rd4 32. b3 Na6 33. c6 Kf7 $44 {and White
could not break Black's dark-squared blockade in Naiditsch,A (2665)-Ivanisevic,
I (2664)/Subotica 2008 (1/2-1/2, 50)}) 18. Bc2 $5 {An interesting idea.
Usually, White keeps the bishop on b3, in order to neutralize the d5-knight.
However, the last few years have shown that Marshall Attack players know how
to defend positions in which they enjoy stability on light squares (as would
be the case of an eventual exchange on d5, even if White retains the extra
pawn).} ({Here is a typical example:} 18. Qf1 Re7 $5 19. a4 Rfe8 20. Bxd5 Qxd5
21. axb5 axb5 22. Bf4 $5 Rxe1 23. Rxe1 Rxe1 24. Qxe1 Bf8 25. Qe4 f6 26. Qxd5+
cxd5 {and White did not try too hard to win this ending in Anand,V (2786)-Leko,
P (2738)/Dortmund 2007/CBM 119/[Marin,M] (1/2-1/2, 29)}) 18... f5 19. f3 Bxf3 {
However, Black has faced constant problems in positions where the b3-bishop
has no counterpart. This was the case in the games quoted in the notes to the
17th move and this will be the case in the curent game. Probably, a different
approach is needed to defend such "just slightly" worse endings, something
that has to be discovered yet. Or maybe there is no 100% proof solution for
Black and this is the kind of positions White should be aiming for. The future
will tell.} ({Less than two weeks after his win over Leko, Ponomariov faced a
novelty from a much lower rated player:} 19... Bh3 20. Bf2 Qg6 21. Rxe8 Rxe8
22. Re1 Rxe1+ 23. Bxe1 h5 $44 24. Bb3 Kh7 25. Bf2 Nf4 26. Qe3 h4 27. Nf1 Nd5
28. Qd3 Nf4 29. Qe3 Nd5 30. Qd3 Nf4 31. Qe3 {1/2-1/2 Ponomariov,R (2718)
-Gustafsson,J (2620)/Cala Mayor 2008}) 20. Nxf3 Qxf3 21. Bd2 $1 Qxd3 ({Black
could avoid the exchange of queens only at the cost of losing activity:} 21...
Qh5 22. Rxe8 Qxe8 23. a4 $14) 22. Bxd3 f4 23. Rxe8 Rxe8 24. Kf2 $14 {White's
pair of bishops offer him a long term advantage. Confronted with an unpleasant
psychological situation, Leko will go down rather painfully.} fxg3+ (24... c5
$5 25. c4 $140 Ne3 $5) 25. hxg3 c5 26. c4 Nb6 27. cxb5 c4 28. Bf1 axb5 29. Bg2
Rf8+ 30. Bf3 Be7 31. Ba5 Na4 $6 (31... Nd5 32. a3 Bd8 33. Bxd8 Rxd8 34. Re1 Nf6
35. Re5 Rb8 (35... Rxd4 36. Rxb5 $14) 36. Rc5 $14) 32. b3 Bf6 33. Kg2 $1 $16
Bxd4 $2 34. Rf1 $1 Rxf3 35. Rxf3 Nb2 36. Rf5 c3 37. Rxb5 c2 38. Rb8+ Kf7 39.
Rc8 Nd1 40. Bd2 Bc3 41. Bc1 1-0

[Event "Moscow Tal Memorial 3rd"]
[Site "Moscow"]
[Date "2008.08.24"]
[Round "6"]
[White "Morozevich, Alexander"]
[Black "Ponomariov, Ruslan"]
[Result "1-0"]
[WhiteElo "2788"]
[BlackElo "2718"]
[Annotator "Krasenkow,M"]
[PlyCount "73"]
[EventDate "2008.08.18"]
[EventType "tourn"]
[EventRounds "9"]
[EventCountry "RUS"]
[EventCategory "20"]
[SourceTitle "CBM 126"]
[Source "ChessBase"]
[SourceDate "2008.10.01"]
[SourceVersion "1"]
[SourceVersionDate "2008.10.01"]
[SourceQuality "1"]

1. d4 Nf6 2. c4 e6 3. Nc3 Bb4 4. Qc2 O-O 5. Nf3 c5 6. dxc5 Na6 7. c6 $6 $146 {
[%mdl 8] This move looks so senseless... However, if you want to avoid
thoroughly investigated theoretical lines, you must look for paradoxical
decisions.} ({The most common moves are} 7. a3) (7. g3) (7. Bd2) (7. e3) 7...
dxc6 {In several games from the following blitz tournament Black tried} (7...
bxc6 8. a3 Bxc3+ 9. Qxc3 Nc5 ({or} 9... d5 10. e3 (10. b4 Ne4 11. Qc2 c5 12. b5
Nc7 13. e3 a6 14. a4 Ne8 15. Bd3 N8d6 16. O-O Bb7 17. Bb2 dxc4 18. Bxc4 Nxc4
19. Qxc4 Bd5 20. Qe2 axb5 21. axb5 Qb6 $15 {1/2 Carlsen,M (2775)-Leko,P (2741)/
Moscow RUS 2008/The Week in Chess 721 (46)}) 10... Nc5 11. Qc2 Nce4 12. Be2 a5
(12... Bb7 13. O-O c5 14. b3 Qe7 15. Bb2 h6 16. Rac1 Rac8 17. Ne5 Rfd8 18. f3
Nd6 19. Bd3 Nd7 20. Ng4 dxc4 21. bxc4 e5 22. e4 f6 23. Ne3 Nf8 24. Nd5 $14 {
1-0 Morozevich,A (2788)-Alekseev,E (2708)/Moscow RUS 2008/The Week in Chess
721 (35)}) 13. b3 Qb6 14. O-O Rb8 15. Rb1 Ba6 16. Ne5 c5 17. f3 Nd6 18. Bd2
Rfc8 19. Bd3 h6 20. a4 Qc7 21. Qc3 Rb4 22. Qa1 Rb7 23. Rfc1 $14 {1/2
Morozevich,A (2788)-Leko,P (2741)/Moscow RUS 2008/The Week in Chess 721 (44)})
10. Qc2 a5 11. Be3 Nce4 (11... Qe7 12. g3 a4 13. Bg2 Ba6 14. Ne5 Rfc8 15. Rd1
d5 16. O-O Ncd7 17. Nxd7 Nxd7 18. Qxa4 Bxc4 19. Qc2 Rcb8 20. Rd4 Rb3 21. Rfd1
Rab8 $132 {1-0 Morozevich,A (2788)-Karpov,A (2651)/Moscow RUS 2008/The Week in
Chess 721 (33)}) 12. c5 a4 13. Nd2 Nxd2 14. Bxd2 Ba6 15. g3 Nd5 16. Bg2 f5 17.
e4 fxe4 18. Bxe4 Qf6 19. f4 Rab8 20. O-O-O Bc4 21. Rde1 Bb3 22. Bxh7+ Kh8 23.
Qg6 Qd4 $1 $19 {0-1 Morozevich,A (2788)-Ponomariov,R (2718)/Moscow RUS 2008/
The Week in Chess 721 (34)}) {Of course, we can hardly derive any conclusions
from the blitz games except the one that 7...bxc6 is worth testing in serious
chess. I'll dare to say that the text move is inferior.} 8. a3 Bxc3+ 9. Qxc3
Nc5 (9... Ne4 $6 10. Qe5 Nac5 11. b4 f6 12. Qf4 Nc3 13. Bd2 N5e4 14. Bxc3 Nxc3
15. Qe3 Na4 16. Qb3 Nb6 17. c5 Nd5 18. e4 $16) 10. Be3 Nce4 $2 (10... Qe7 {
is safer but White keeps a small plus after} 11. Rd1) 11. Qe5 $1 {[%csl Re4]
[%cal Rg2g4] The e4-knight now finds itself in serious trouble.} b5 (11... Qe7
12. O-O-O {[%cal Rg2g4]}) (11... Qd6 12. Rd1 Qxe5 13. Nxe5 $18 {[%cal Rf2f3]})
12. g4 $1 c5 (12... h6 13. h4) 13. g5 Qa5+ 14. b4 cxb4 15. gxf6 $18 {White has
won a piece; the game is over.} Bb7 16. Bd2 Rfc8 17. Bxb4 Qb6 18. c5 Qd8 19.
Rg1 g6 20. Rd1 Qxf6 21. c6 Bxc6 22. Rg4 Qxe5 23. Nxe5 f5 24. Nxc6 Rxc6 25. Bg2
a5 26. Bxe4 fxe4 27. Bd2 Rc4 28. Rg5 Ra4 29. Rxb5 Rxa3 30. Rb7 a4 31. Bf4 Rb3
32. Rxb3 axb3 33. Rb1 e3 34. Bxe3 Rb8 35. Kd2 Rb4 36. f3 e5 37. Bf2 1-0

[Event "EU-Cup 24th"]
[Site "Kallithea"]
[Date "2008.10.18"]
[Round "2"]
[White "Dambacher, Martijn"]
[Black "Ponomariov, Ruslan"]
[Result "1/2-1/2"]
[WhiteElo "2485"]
[BlackElo "2719"]
[Annotator "Krasenkow,M"]
[PlyCount "91"]
[EventDate "2008.10.17"]
[EventType "team-swiss"]
[EventRounds "7"]
[EventCountry "GRE"]
[SourceTitle "CBM 127"]
[Source "ChessBase"]
[SourceDate "2008.11.13"]
[SourceVersion "1"]
[SourceVersionDate "2008.11.13"]
[SourceQuality "1"]
[WhiteTeam "Eynatten"]
[BlackTeam "Linex Magic"]
[WhiteTeamCountry "BEL"]
[BlackTeamCountry "ESP"]

1. d4 g6 2. c4 Bg7 3. e4 d6 4. Nc3 Nf6 5. Nf3 O-O 6. Be2 e5 7. O-O Nc6 8. d5
Ne7 9. Ne1 Nd7 10. Be3 f5 11. f3 f4 12. Bf2 g5 13. Rc1 a6 $6 {A rare, dubious
move, instead of the usual} (13... Ng6 {or}) (13... Rf6) {Black prevents
Nc3-b5 but wastes an important tempo, after which White's queenside pressure
becomes more dangerous than Black's kingside counter-attack.} 14. Nd3 Rf6 (
14... b6 {weakens the c6 square:} 15. b4 Rf6 16. c5 Rh6 17. cxd6 (17. Na4 Qe8
18. Kh1 Rb8 19. cxd6 cxd6 20. Rc7 b5 21. Nac5 dxc5 22. bxc5 Rb7 $1 23. Rxb7
Bxb7 24. a4 $1 Kh8 25. axb5 axb5 26. c6 Bxc6 27. dxc6 Nxc6 28. Qb3 $44 {
1/2 Khalifman,A (2653)-Inarkiev,E (2577)/Khanty Mansiysk 2005/CBM 111 (50)}) (
17. Kh1 Qe8 18. cxd6 cxd6 19. Nb1 $5 (19. b5 Nf6 (19... axb5 20. Nxb5 Nc5 $1
$13) 20. bxa6 Qh5 21. Bg1 Qg6 22. Nf2 Nh5 23. Nh3 Ng3+ 24. hxg3 Bxh3 25. gxh3
fxg3 (25... Qh5 $1 $44) 26. f4 $1 exf4 27. Bg4 $16 {1-0 Berkvens,J (2452)
-Inarkiev,E (2674)/Kemer 2007/CBM 121 (40)}) 19... Qh5 20. Bg1 Nf6 21. Nd2 b5
22. Nf2 Qh4 $2 (22... Bd7) 23. Ng4 Bxg4 24. fxg4 a5 25. Rc3 axb4 26. Rh3 $18 {
1-0 Sumets,A (2462)-Aliavdin,N (2368)/Pardubice 2006/CBM 113 ext (33)}) 17...
cxd6 18. Be1 (18. g4 fxg3 19. hxg3 Ng6 20. Kg2 Nf6 21. Rh1 Rxh1 22. Qxh1 Bd7
23. b5 axb5 24. Nb4 g4 $1 25. Nc6 Qf8 26. Rc2 h5 $1 $132 {1/2 Khalifman,A 
(2653)-Inarkiev,E (2577)/Khanty Mansiysk 2005/CBM 111/[Mikhalevski,V] (62)})
18... Nf6 19. Nf2 Rg6 20. b5 a5 21. Na4 h5 22. h3 Kh8 23. Rc3 Bd7 24. Qc2 Rc8
25. Rc6 g4 26. Rxc8 Bxc8 27. fxg4 hxg4 28. Nxg4 Bxg4 29. hxg4 Nxg4 30. Bxg4
Rxg4 31. Rf3 $16 {1/2 Pajeken,W (2360)-Chevelevitch,E (2431)/Hamburg 2006/CBM
114 ext (49)}) 15. c5 (15. g4 $5 h5 $6 (15... fxg3 $1 {is a must}) 16. h3 Rh6
17. c5 Kf7 18. Kg2 Qh8 19. Rh1 Nf6 20. cxd6 cxd6 21. Na4 hxg4 22. hxg4 Bxg4 23.
fxg4 Nxe4 24. Nb6 Re8 25. Rc7 Qh7 26. Rxb7 $18 {1-0 Sumets,A (2532)-Hirneise,T
(2382)/Ditzingen GER 2008/The Week in Chess 705 (39)}) 15... Rh6 {[%cal Yd8e8,
Ye8h5]} 16. cxd6 {White has a lot of good alternatives.} (16. c6 $5 bxc6 17.
dxc6 Nf8 $1 (17... Nxc6 18. Nxf4 $1 {[%cal Rd1d5]} Nd4 $1 19. Nfd5 Nf8 20. Bc4
Kh8 21. Ne2 $1 Nfe6 22. b4 Rb8 23. Qd2 $14 {1/2 Bluvshtein,M (2453)-Inarkiev,E
(2606)/Moscow 2004/CBM 100 (53)}) 18. Nb4 Qe8 19. Kh1 Ne6 20. Ncd5 Nxd5 21.
Nxd5 Bf6 22. b4 Bd8 23. a4 Qh5 24. Bg1 Ng7 (24... Nd4 $1 $13) 25. b5 axb5 26.
axb5 $16 {1/2 Kopylov,M (2463)-Chevelevitch,E (2423)/Hamburg 2006/CBM 112 ext 
(87)}) (16. Na4 Qe8 17. g4 fxg3 18. Bxg3 (18. hxg3 $4 Qh5 $19) 18... Ng6 19.
Kh1 Nf4 20. Rg1 Nf6 21. cxd6 $5 b5 22. Rxc7 $16 {1-0 Lastin,A (2590)-Kobylkin,
E (2418)/Voronezh 2005/CBM 106 ext (39)}) (16. Qa4 $5 Qe8 17. Kh1 Qh5 18. Bg1
dxc5 19. b4 c4 20. Nc5 Nf6 (20... Nb6 $142) 21. Ne6 (21. Bxc4 $1 Kh8 22. Ne6
$16) 21... c6 (21... Bxe6 22. dxe6 b5 23. Nxb5 Nxe4 24. fxe4 Qxe2 $132) 22.
dxc6 Bxe6 23. cxb7 Re8 24. Qxa6 $44 {1-0 Bromberger,S (2507)-Lanka,Z (2498)/
Austria 2007/EXT 2008 (41)}) (16. Qb3 $5 Nf6 17. cxd6 cxd6 18. Bb6 Qe8 19. Nf2
Rh4 $6 20. g3 (20. Bc7 $1 $18) 20... Rh6 21. g4 Nd7 22. Na4 Rf6 23. Rc7 Qg6 24.
Rfc1 Qh6 25. R1c3 Qh4 26. Qc2 Rf8 27. Nd3 $18 {1-0 Sambuev,B (2496)-Castaneda,
N (2314)/Montreal 2008/CBM 125 Extra (53)}) 16... cxd6 17. a4 (17. b4 Nf6 18.
Be1 b5 19. a4 Bd7 20. axb5 axb5 21. Nf2 Qb6 22. Kh1 Rg6 23. Ng4 Rf8 24. Qd3 Ne8
25. h3 h5 26. Nh2 Nf6 27. Nxb5 g4 $132 {1/2 Dambacher,M (2407)-Lanka,Z (2455)/
Germany 2004/EXT 2006 (52)}) 17... Qe8 (17... Kh8 18. Qb3 Qe8 19. Kh1 $6 (19.
Be1 $5 {[%cal Yd3f2]}) 19... Nf6 20. g4 fxg3 21. Bxg3 Ng6 22. Rg1 Nf4 23. Bxf4
gxf4 $36 {0-1 Van Elst,A (2271)-Hebden,M (2544)/St Affrique 2003/CBM 095 ext 
(40)}) 18. Be1 Nf6 19. Nf2 Rg6 20. a5 Bd7 21. Nb1 (21. Qb3 Rb8 22. Qb4 $16 {
was more energetic.}) 21... h5 22. h3 g4 23. fxg4 hxg4 24. hxg4 Bh6 $6 (24...
Rc8 $5) 25. Rc7 (25. Nd2 $5 Rc8 26. Nc4) 25... Rc8 26. Rxc8 $2 ({Why not} 26.
Rxb7 $1 $16 {?}) 26... Nxc8 (26... Qxc8 $142 27. Bb4 (27. Na3 Qc5) 27... Qb8
28. Na3 b5 $1 $13) 27. Nd2 (27. Qb3 Rg7 $1) 27... f3 $6 {Hardly a good
sacrifice. White has more than enough defending pieces to parry Black's attack.
} (27... Rg7 28. Nc4 Qg6 $14 {was more "normal".}) 28. gxf3 Nh5 29. Nh3 Na7 30.
Bf2 Nb5 31. Nb3 Rg7 32. Kg2 Qg6 33. Rh1 Rf7 34. Qd3 Bf4 35. Rg1 {Unnecessarily
giving up the h-file.} (35. Be3 $5 $16) 35... Rg7 36. Kf1 Bh2 37. Rg2 Nf4 38.
Nxf4 Bxf4 39. Bg3 Bxg3 40. Rxg3 Qh6 41. Qd2 Qh4 42. Qe1 Rh7 43. Rg1 Qh6 44. Qd2
Qh4 45. Qe1 Qh6 46. Qd2 {Even with two extra pawns White is glad to draw
against the former FIDE World Champion.} (46. Qf2 $1 $16 {[%cal Rg4g5] and
White should gradually break up Black's defence.}) 1/2-1/2

[Event "Kharkov Rector Cup Champions m 11th"]
[Site "Kharkov"]
[Date "2009.03.27"]
[Round "2"]
[White "Ponomariov, Ruslan"]
[Black "Eljanov, Pavel"]
[Result "1-0"]
[WhiteElo "2726"]
[BlackElo "2693"]
[PlyCount "75"]
[EventDate "2009.03.26"]
[EventType "team-tourn"]
[EventRounds "4"]
[EventCountry "UKR"]
[SourceTitle "CBM 129 Extra"]
[Source "ChessBase"]
[SourceDate "2009.05.05"]
[SourceVersion "2"]
[SourceVersionDate "2009.05.20"]
[SourceQuality "1"]

1. d4 Nf6 2. c4 e6 3. Nc3 Bb4 4. e3 O-O 5. Nge2 d5 6. a3 Be7 7. cxd5 exd5 8. g3
Nbd7 9. Bg2 Nb6 10. O-O a5 11. h3 Re8 12. g4 h6 13. Ng3 c6 14. f4 Nh7 15. b3
Bh4 16. Kh2 Bxg3+ 17. Kxg3 f5 18. a4 Be6 19. Bf3 Nc8 20. Ra2 Nd6 21. Rg2 Nf6
22. Kh2 b5 23. g5 hxg5 24. fxg5 Nh7 25. h4 bxa4 26. Nxa4 Nf8 27. Nc5 Bc8 28.
Qc2 f4 29. Bh5 Bf5 30. e4 Rxe4 31. Qf2 Ng6 32. Bf3 Re8 33. h5 Ne4 34. Bxe4 dxe4
35. Bxf4 Nxf4 36. Qxf4 Qe7 37. Qxf5 Rf8 38. Qe6+ 1-0